Riverdale Characters Quiz Stats

 Plays Quiz not verified by Sporcle

Support Sporcle.
Go Orange.
Score 0/49 Timer 10:00
0 Plays Today
Answer % Correct
Betty Cooper
98.6%
Archie Andrews
98.2%
Jughead Jones
97.5%
Veronica Lodge
96.9%
Cheryl Blossom
92.2%
Alice Cooper
91.6%
FP Jones
90.4%
Kevin Keller
88.8%
Fred Andrews
86.6%
Josie McCoy
85.9%
Hal Cooper
85.8%
Hiram Lodge
85.5%
Jason Blossom
84.2%
Hermione Lodge
83.6%
Polly Cooper
83.2%
Toni Topaz
81.2%
Penelope Blossom
77.3%
Reggie Mantle
73.7%
Clifford Blossom
73%
Sheriff Keller
71.9%
Chic Smith
70.7%
Sweet Pea
70.4%
Moose Mason
65.5%
Mayor McCoy
64.9%
Valerie Brown
63.9%
Answer % Correct
Mary Andrews
62.4%
Chuck Clayton
59.4%
Fangs Fogarty
58.9%
Ethel Muggs
58.6%
Midge Klump
57.2%
Tall Boy
56.7%
Melody Valentine
56.6%
Pop Tate
55.9%
Geraldine Grundy
53.9%
Penny Peadbody
49.6%
Rose Blossom
45.4%
Dilton Doiley
44.3%
Nick St Clair
42.4%
Joaquin DeSantos
40.8%
Principal Weatherbee
40.8%
Smithers
39.2%
Andre
35.9%
Ginger Lopez
24.2%
Tina Patel
22.3%
Agent Arthur Adams
20.3%
Coach Clayton
20.2%
Joseph Svenson
17%
Hog Eye
15.1%
Simone St Clair
11.5%

You're not logged in!

Compare scores with friends on all Sporcle quizzes.
OR
Log In

From the Vault

Poker Scenes in TV Shows

by somms

Never bet more than you're willing to lose...ah, forget it, go all in!
Remove Ads.
Support Sporcle.
Get the best of Sporcle when you Go Orange. This ad-free experience offers more features, more stats, and more fun while also helping to support Sporcle. Thank you for becoming a member.

Show Comments

Extras

Top Quizzes Today


Score Distribution

Your Account Isn't Verified!

In order to create a playlist on Sporcle, you need to verify the email address you used during registration. Go to your Sporcle Settings to finish the process.

Report this User

Report this user for behavior that violates our Community Guidelines.

Details: